Romans : (Record no. 49629)
| 000 -LEADER | |
|---|---|
| fixed length control field | 00260nam a2200097 4500 |
| 020 ## - INTERNATIONAL STANDARD BOOK NUMBER | |
| International Standard Book Number | 9780978877361 |
| 245 ## - TITLE STATEMENT | |
| Title | Romans : |
| Remainder of title | deliverance from wrath / |
| Statement of responsibility, etc | Zane C. Hodges. |
| 260 ## - PUBLICATION, DISTRIBUTION, ETC. (IMPRINT) | |
| Place of publication, distribution, etc | Corinth, TX: |
| Name of publisher, distributor, etc | GES; |
| Date of publication, distribution, etc | 2013. |
| 300 ## - PHYSICAL DESCRIPTION | |
| Extent | 488 p. |
| Dimensions | 23 cm. |
| 942 ## - ADDED ENTRY ELEMENTS (KOHA) | |
| Source of classification or shelving scheme | |
| Koha item type | NON FIC SECTION |
| Withdrawn status | Lost status | Source of classification or shelving scheme | Damaged status | Not for loan | Collection code | Home library | Current library | Shelving location | Date acquired | Total Checkouts | Full call number | Barcode | Date last seen | Date checked out | Price effective from | Koha item type |
|---|---|---|---|---|---|---|---|---|---|---|---|---|---|---|---|---|
| Non-Fiction | Asian Hope Secondary Library | Asian Hope Secondary Library | SECONDARY | 10/08/2025 | 2 | 227.1 HOD | 208273 | 02/05/2026 | 01/22/2026 | 10/08/2025 | NON FIC SECTION |